[Event "Cairo Egyptian op"]
[Site "Cairo"]
[Date "2016.04.24"]
[Round "3"]
[White "Elsherbeny, Ibrahim"]
[Black "Hamam, Mahmoud"]
[Result "0-1"]
[WhiteElo "1829"]
[BlackElo "2090"]
[PlyCount "70"]
[EventDate "2016.04.22"]
[EventType "swiss"]
[EventRounds "9"]
[EventCountry "EGY"]
[SourceTitle "CBM 172 Extra"]
[Source "ChessBase"]
[SourceDate "2016.06.21"]
[SourceVersion "1"]
[SourceVersionDate "2016.06.21"]
[SourceQuality "1"]

1. e4 e5 2. Bc4 Nf6 3. Nc3 c6 4. Nf3 d6 5. d4 exd4 6. Qxd4 Be7 7. Bf4 0-0 8. 0-0-0 b5 9. Be2 Qa5 10. Bxd6 Bxd6 11. Qxd6 b4 12. Nb1 Nxe4 13. Qd4 Bf5 14. Bc4 Nd7 15. g4 Bg6 16. Qxd7 Nxf2 17. Nbd2 Nxh1 18. Rxh1 Rad8 19. Qe7 Rfe8 20. Qg5 Qb6 21. h4 b3 22. axb3 Qf2 23. h5 Be4 24. Rf1 Bxf3 25. Bxf7+ Kxf7 26. Qf4+ Kg8 27. Qxf3 Qxd2+ 28. Kb1 Rf8 29. Qh1 Rxf1+ 30. Qxf1 Qd1+ 31. Qxd1 Rxd1+ 32. Ka2 Rg1 33. c4 Rxg4 34. Ka3 Rh4 35. Ka4 Rxh5 0-1